Encyclopedia of Library and Information Science

Na minha lista:
Detalhes bibliográficos
Formato: Livro
Idioma:inglês
Publicado em: New York Dekker 1986
Edição:1. ed.
Tags: Adicionar Tag
Sem tags, seja o primeiro a adicionar uma tag!

MARC

LEADER 00000nam a2200000 4500
001 c033355
005 20230111125531.2
041 0 |a eng 
044 |a US 
245 1 0 |a Encyclopedia of Library and Information Science 
250 |a 1. ed. 
264 1 |a New York  |b Dekker  |c 1986 
300 |a 368 s.